Imagen de América Latina en la exposición universal de París de 1889 /

Detalles Bibliográficos
Autor principal: Norambuena Carrasco, Carmen
Formato: Analitica de revista
Lenguaje:español

MARC

LEADER 00000cab a2200000 a 4500
001 030190
003 UAHC_CL
005 20170803123157.0
008 041104b xx j 000 1 spa
040 |a UAHC_CL  |c UAHC_CL  |d UAHC_CL 
100 1 |a Norambuena Carrasco, Carmen 
245 1 0 |a Imagen de América Latina en la exposición universal de París de 1889 /  |c Carmen Norambuena Carrasco. 
500 |a NORAMBUENA CARRASCO, Carmen. Imagen de América Latina en la exposición universal de París de 1889. Dimensión Histórica de Chile, (17, 18): 87-121, 2002-2003 
500 |a NORAMBUENA CARRASCO, Carmen. Imagen de América Latina en la exposición universal de París de 1889. Dimensión Histórica de Chile, (17, 18): 87-121, 2002-2003 
759 |a PP054 
773 0 |t Dimensión histórica de Chile.  |w 030155 
900 |a DIMENSION HISTORICA-17,18/02, 03 
942 |c REVA 
952 |0 0  |1 0  |4 0  |6 DIMENSION_HISTORICA1718_02_03_000000000000000  |7 0  |8 General  |9 59040  |a BC  |b BC  |c General  |d 2017-08-03  |l 0  |o DIMENSION HISTORICA-17,18/02, 03  |p FICTICIO2204  |r 2019-01-08 00:00:00  |t 1  |w 2017-08-03  |y REVA 
999 |c 30190  |d 30190